Statistics for All Types Of Cheese

Click here to take the quiz!

General Stats

  • This quiz has been taken 55 times
  • The average score is 239 of 1831

Answer Stats

Answer% Correct
ADL Mild Cheddar
91%
Aged British Cheddar
91%
Anniversary Ale Cheddar
91%
Avonlea Clothbound Cheddar
91%
Barry's Bay Cheddar
91%
Bega Processed Cheddar
91%
Bleu Mont Dairy Bandaged Cheddar
91%
Boivin Extra Aged Cheddar
91%
Boivin Marbled Cheddar
91%
Boivin Medium Cheddar
91%
Bothwell Black Truffle Cheddar
91%
Cahill's Irish Porter Cheddar
91%
Canadian Cheddar
91%
Checkerboard Cheddar
91%
Cheddar
91%
Chocolate Stout Cheddar
91%
Coastal Cheddar
91%
Coolattin Cheddar
91%
Davidstow Extra Mature Cheddar
91%
Davidstow Mature Cheddar
91%
Farm House Clothbound Cheddar
91%
Fiesta Cheddar
91%
Fiscalini Bandaged Cheddar
91%
Flory's Truckle Cheddar
91%
Georgia Gold Clothbound Cheddar
91%
Goat Cheddar
91%
Grafton Village Cheddar
91%
Habanero Cheddar
91%
Hook's 5-year Cheddar
91%
Hopyard Cheddar
91%
Isle of Man Mature Cheddar
91%
Isle of Man Mild Cheddar
91%
Isle of Man Mild Coloured Cheddar
91%
Jalapeno Cheddar
91%
Keens Cheddar
91%
LaClare Farms Cheddar
91%
LaClare Farms Raw Goats Milk Cheddar
91%
Lake District Extra Mature Cheddar
91%
Lake District Mature Cheddar
91%
Maffra Aged Rinded Cheddar
91%
Maffra Mature Cheddar
91%
Maffra Peppercorn Cheddar
91%
Marble Cheddar
91%
Montgomery's Cheddar
91%
Morimoto Soba Ale Cheddar
91%
Mt. Mazama Cheddar
91%
Oak Smoked Cheddar
91%
Onion & Chives Cheddar
91%
Organic Cheddar
91%
Orkney Extra Mature Cheddar
91%
Orkney Mature Cheddar
91%
Orkney Medium Coloured Cheddar
91%
Pembrokeshire Extra Mature Cheddar
91%
Pembrokeshire Mature Cheddar
91%
Pistol Point Cheddar
91%
Prairie Breeze Cheddar
91%
Processed Cheddar
91%
Pyengana Cheddar
91%
Redwood Hill Goat Cheddar
91%
Roasted Garlic Cheddar
91%
Scallion Onion Cheddar
91%
Scotch Bonnet Cheddar
91%
Seriously Strong Cheddar
91%
Sharp Cheddar
91%
Shelburne Cheddar
91%
Shtayburne Farm Cheddar
91%
Tillamook Cheddar
91%
Tillamook Smoked Black Pepper White Cheddar
91%
Walnut Cheddar
91%
West Country Farmhouse Mature Cheddar
91%
Wookey Hole Cave Aged Cheddar
91%
Mozzarella
78%
Aged Gouda
74%
Amul Gouda
74%
Baby Brie
74%
Beach Box Brie
74%
Brie
74%
Comox Brie
74%
Cornish Brie
74%
Cow's Milk Gouda
74%
Daphne's Goat Gouda
74%
Evansdale Farmhouse Brie
74%
Farmhouse Gouda
74%
Four Herb Gouda
74%
Fox Hill Gouda
74%
Fuzzy Udder Brie
74%
Goat Gouda
74%
Gotcha Gouda
74%
Gouda
74%
Holiday Brie
74%
Jindi Brie
74%
King Island Cape Wickham Brie
74%
L'Amuse Brabander Goat Gouda
74%
L'Amuse Signature Gouda
74%
Mahoe Aged Gouda
74%
Melange Brie
74%
Meyer Vintage Gouda
74%
Milawa Brie
74%
Morangie Brie
74%
Natural Smoked Van Gogh Gouda
74%
Organic Gouda
74%
Peppercorn Gouda
74%
President Brie
74%
President Light Brie
74%
Processed Smoked Gouda
74%
Sheep Gouda
74%
Ships Wheel Brie
74%
Smoked Gouda
74%
Somerset Brie
74%
Timboon Brie
74%
Triple Creme Brie
74%
Vintage Van Gogh Gouda
74%
Bavaria blu
72%
Blu '61
72%
Capri Blu
72%
Cressy Blu
72%
I' Blu
72%
Fox Hill Parmesan
70%
Parmesan
70%
Sartori Classic Cheese Parmesan
70%
Sartori Limited Edition Family Heirloom Parmesan
70%
Sartori Reserve SarVecchio Parmesan
70%
Stella Mediterranean Parmesan
70%
Stella Parmesan
70%
Baby Swiss
67%
Boo Boo Baby Swiss
67%
Lacy Swiss
67%
Petite Swiss
67%
Stella Swiss
67%
St-Fidèle Swiss
67%
Sweet Style Swiss
67%
Classics Fresh Mozzarella
65%
Fresh Hand-Stretched Mozzarella
65%
Fresh Mozzarella
65%
Paesanella Buffalo Mozzarella
65%
Binnorie Marinated Fetta
61%
Barambah Organics Marinated Feta
59%
Barrel Aged Feta
59%
Danish Feta
59%
Desert Red Feta
59%
Feta
59%
Goat Milk Feta
59%
Haystack Mountain Feta
59%
Hidden Springs Farmstead Feta
59%
Odysseus Marinated Feta
59%
Organic Feta
59%
President Fat Free Feta
59%
Raw Milk Feta
59%
Raw Milk Goat Feta
59%
Stella Feta
59%
Valbreso Feta
59%
Yarra Valley Persian Feta
59%
Blythedale Camembert
57%
Camembert
57%
Comox Camembert
57%
Haystack Mountain Camembert
57%
Le Conquerant Camembert
57%
MouCo Camembert
57%
Okanagan Double Cream Camembert
57%
President Camembert
57%
Striegistaler Zwerge Camembert
57%
Gloucester Goat
54%
Mountain Goat
54%
Old Goat
54%
Sartori Limited Edition Extra-Aged Goat
54%
Stella Goat
54%
The City Goat
54%
Yarra Valley Gentle Goat
54%
Danablu (Danish Blue)
52%
Shropshire Blue
52%
Asher Blue
50%
Barden Blue
50%
Bath Blue
50%
Bayley Hazen Blue
50%
Beenleigh Blue
50%
Bergere Bleue
50%
Big Rock Blue
50%
Big Woods Blue
50%
Blacksticks Blue
50%
Bohemian Blue
50%
Brutal Blue
50%
Buff Blue
50%
Buttermilk Blue
50%
Buxton Blue
50%
Carr Valley Glacier Wildfire Blue
50%
Cashel Blue
50%
Castle Blue
50%
Caveman Blue
50%
Cayuga Blue
50%
Chelsea Blue
50%
Chiriboga Blue
50%
Cornish Blue
50%
Cote Hill Blue
50%
Crema de Blue
50%
Dark / Snow Canyon Edam
50%
Devon Blue
50%
Dragons Breath Blue
50%
Dunbarton Blue
50%
Dunsyre Blue
50%
Echo Mountain Blue
50%
Edam
50%
Elberton Blue
50%
Ewelicious Blue
50%
Ewe's Blue
50%
Exmoor Blue
50%
Gippsland Blue
50%
Harbourne Blue
50%
Jubilee Blue
50%
Kefir Blue
50%
LaClare Ziege Zacke Blue
50%
Lanark Blue
50%
Maytag Blue
50%
Meredith Blue
50%
Midnight Blue
50%
Milawa Aged Blue
50%
Milawa Blue
50%
Moody Blue
50%
Muranda Blue
50%
Oxford Blue
50%
Point Reyes Bay Blue
50%
Point Reyes Original Blue
50%
Roaring Forties Blue
50%
Rougette Bavarian Red
50%
Salemville Amish Blue
50%
Salemville Smokehaus Blue
50%
Shaker Blue
50%
Smokey Oregon Blue
50%
Stella Blue
50%
Stella Reduced Fat Blue
50%
Stella Smoked Blue
50%
Strathdon Blue
50%
Tarago River Jensen’s Red
50%
Van Gogh Edam
50%
Vaquero Blue
50%
Waimata Farmhouse Blue
50%
West West Blue
50%
Wicklow Blue
50%
Yorkshire Blue
50%
Brie de Portneuf Double Cream
48%
Buttermilk Gorgonzola
48%
Gorgonzola
48%
Salemville Amish Gorgonzola
48%
Sartori Reserve Dolcina Gorgonzola
48%
Stella Gorgonzola
48%
Pepper Jack
46%
Brie au poivre (Brie with pepper)
43%
Champignon de Luxe Pepper
43%
Cornish Pepper
43%
Organic Pepper
43%
Rustico® Black Pepper
43%
Rustico® Red Pepper
43%
Sgt. Pepper
43%
Colston Bassett Stilton
41%
Cropwell Bishop Blue Stilton
41%
Dorset White
41%
Milawa White
41%
Monterey Jack
41%
Shtayburne Farm Monterey Jack
41%
Stilton
41%
Wakatipu White
41%
Basket Molded Ricotta
39%
Fresh Ricotta
39%
Goat ricotta
39%
Gran Bù
39%
Halloumi
39%
Paesanella Buffalo Ricotta
39%
Paesanella Dry Ricotta
39%
Paesanella Fresh Ricotta
39%
Tieton Halloumi
39%
Up In Smoke
39%
American Cheese
37%
Cream Havarti
37%
Original Havarti
37%
Provolone
37%
Roquefort
37%
Apple Walnut Smoked
35%
Cottage Cheese
35%
Lyburn Lightly Oak Smoked
35%
Pecorino Romano
35%
Cello Thick & Smooth Mascarpone
33%
Colby
33%
Colby-Jack
33%
Cwmtawe Pecorino
33%
Don Bernardo Manchego
33%
El Trigal® Manchego
33%
Manchego
33%
Mascarpone
33%
Mun-chee
33%
Pecorino
33%
Dry Jack
30%
Romano
30%
Rosemary Medium Asiago
30%
Salsa Asiago
30%
Sartori Classic Cheese Asiago
30%
Sartori Classic Cheese Romano
30%
Sartori Reserve Basil & Olive Oil Asiago
30%
Sartori Reserve Extra-Aged Asiago
30%
Sartori Reserve Rosemary & Olive Oil Asiago
30%
Stella Asiago
30%
Stella Black Pepper Romano
30%
Bettine Bleu
28%
Bresse Bleu
28%
Cheshire
28%
Chile Jack
28%
Chorlton Blue Cheshire
28%
Doré-Mi
28%
Great Lakes Cheshire
28%
LaClare Farms Fondry Jack
28%
Maffra Cheshire
28%
Maffra Red Leicester
28%
Muenster
28%
Olivet Bleu
28%
Red Leicester
28%
Sonoma Jack
28%
Yarra Valley Le Jack
28%
Gospel Green
26%
May Hill Green
26%
Munster
26%
Blue Vein Cheese
22%
Blue Wensleydale
22%
Burrata
22%
Cashew Nut Cream Cheese
22%
Cream Cheese
22%
Cuor di burrata
22%
Extra Mature Wensleydale
22%
Maffra Wensleydale
22%
Mature Wensleydale
22%
Oak Smoked Wensleydale
22%
Paesanella Burrata
22%
Paneer
22%
Wensleydale
22%
Za'atar Burrata
22%
Aged Cashew & Blue Green Algae Cheese
20%
Amablu Blue cheese
20%
Amul Emmental
20%
Applewood Smoked Chevre
20%
Ardsallagh Hard Goat's Cheese
20%
Ardsallagh Smoked Cheese
20%
Ardsallagh Soft Goat's Cheese
20%
Basket Cheese
20%
Beemster Aged
20%
Boulder Chevre
20%
Breakfast Cheese
20%
Buche de Chevre
20%
Capricorn Somerset Goats Cheese
20%
Chevre
20%
Coeur de Chevre
20%
Cotija
20%
Cracked Pepper Chevre
20%
Cypress Grove Chevre
20%
Daphne's Aged Goat Cheese
20%
Delamere Medium Hard Goats cheese
20%
Dill & Garlic Chevre
20%
Emmental
20%
Fresh Chevre
20%
Frying Cheese
20%
Grana
20%
Herbes de Provence Chevre
20%
LaClare Farms Chevre
20%
Le Marquis Chevre
20%
Lemon Myrtle Chevre
20%
Natural Chevre
20%
Oregon Blue Cheese
20%
Paillot de Chèvre
20%
Pecorino Pepato Mitica® Aged
20%
Picodon de Chevre
20%
Président Fresh Goat Cheese
20%
Saltbush Chevre
20%
Stickney Hill Chevre
20%
Texas Goat Cheese
20%
Tomme de Chevre
20%
Woodside Chevre
20%
Abbot’s Gold
17%
ADL Brick Cheese
17%
Aged Cashew & Brazil Nut Cheese
17%
Aged Cashew & Dulse Cheese
17%
Aged Cashew & Hemp Seed Cheese
17%
Aged Cashew Nut Cheese
17%
Aged Cashew Nut & Kale Cheese
17%
Amul Pizza Mozzarella Cheese
17%
Amul Processed Cheese
17%
Armenian String Cheese
17%
Austrian Alps cheese
17%
Babybel
17%
Bath Cheese
17%
Cahill's Whiskey Cheese
17%
Canastra cheese
17%
Colony cheese
17%
Cougar Gold
17%
Cup Cheese
17%
Farmer cheese
17%
FITAKI White Cheese
17%
Garlic and Fine Herbs Cashew Cheese
17%
Gracie Grey
17%
Grated Kefir Cheese
17%
Heidi Aged cheese
17%
Heidi cheese
17%
Holey Cow
17%
Hoop Cheese
17%
Hubbardston Blue Cow
17%
Kefir Italian Pasta Cheese
17%
Kefir Peppercorn Cheese
17%
Lacey Grey
17%
La Vache Qui Rit cheese
17%
Macadamia Nut Cheese
17%
Maffra Sage Derby
17%
Marbled Cheese
17%
Minas cheese
17%
Pate de Fromage
17%
Plymouth Cheese
17%
Processed Cheese
17%
Raw Brie Style Cashew Cheese
17%
Sage Derby
17%
Stella Italian Sharp
17%
String Cheese
17%
St Tola Hard Cheese
17%
Sun Dried Tomato and Basil Cashew Cheese
17%
Swiss cheese
17%
Truffle Cheese
17%
Twig Farm Square Cheese
17%
Vache Sante (Holy Cow)
17%
Wasatch Mountain cheese
17%
Woodside Alpine
17%
Alpine Gold
15%
Appleby's Double Gloucester
15%
Brewer's Gold
15%
Brick
15%
Brie de Meaux
15%
Buffalo
15%
Danish Fontina
15%
Detroit Street Brick
15%
Double Gloucester
15%
Duet
15%
Fontina
15%
Fromage a Raclette
15%
Goat Curd
15%
Innes Brick
15%
Iris
15%
Keltic Gold
15%
King River Gold
15%
Knockdrinna Gold
15%
Limburger
15%
Little Qualicum Raclette
15%
Lyburn Gold
15%
MezzaLuna Fontina
15%
Rofumo (Smoked Fontina)
15%
Roth Raclette
15%
Sartori Classic Cheese Fontina
15%
Sartori Reserve BellaVitano Gold
15%
Sartori Reserve Cheese Mediterranean Fontina
15%
Sartori Reserve Extra Aged Fontina
15%
Stella Fontina
15%
Stinking Bishop
15%
St. Mang Original Allgäuer Limburger
15%
Wall Street Gold
15%
Appenzeller
13%
Beehive Fresh
13%
Boursin
13%
Creamy Lancashire
13%
Crumbly Lancashire
13%
Derby
13%
Evans Creek Greek
13%
Grana Padano
13%
Kirkham's Lancashire
13%
Kolan Extra Mature
13%
Maffra Dargo Walnut
13%
Mirabo Brie with Walnut
13%
Organic Farm
13%
Organic Walnut
13%
Queso Blanco
13%
Queso Jalapeno
13%
Smokey Jalapeño
13%
Tasty Lancashire
13%
Tezacki Sir Extra Mature
13%
Zanetti Grana Padano
13%
Zigljen Iz Extra Mature
13%
Aphrodite Haloumi
11%
Aspen Ash
11%
Beemster 2% Milk
11%
Bel Paese
11%
Burwash Rose
11%
Butte
11%
Caciocavallo
11%
Caerphilly
11%
Champignon de Luxe Garlic
11%
Cherokee Rose
11%
Cravero Parmigiano Reggiano
11%
Dorset
11%
Gloucester
11%
Gorwydd Caerphilly
11%
Jarlsberg
11%
Kefir Tomato-Garlic
11%
Kennebec Highlands Caerphilly
11%
La Tur
11%
Meredith Chevre Ash
11%
Mossfield Organic
11%
Oaxaca
11%
Organic Wild Garlic
11%
Prairie Rose
11%
Quark
11%
Saint Rose
11%
Sharpham Rustic Chive & Garlic
11%
Taleggio
11%
Traditional Haloumi
11%
Zanetti Parmigiano Reggiano
11%
Allgauer Emmentaler
9%
Ascutney Mountain
9%
Bryndza
9%
Chocolate Lab
9%
Comte
9%
Counting Sheep…and Goats...
9%
Double Worcester
9%
Essex Comté
9%
Humboldt Fog
9%
La Couronne - Fort Aged Comté
9%
Lost Lake
9%
Mt Scott
9%
Ocooch Mountain
9%
Olde York
9%
Paesanella Caciotta with Rocket & Chilli
9%
Scamorza
9%
Sraffordshire Organic
9%
Valencay
9%
Yeo Lake
9%
Abbaye de Belloc
7%
Ackawi
7%
Alpine-Style
7%
Anthotyro Fresco
7%
Bent River
7%
Berkswell
7%
Brin
7%
Caciotta
7%
Cendré des Prés
7%
Cerney Pyramid
7%
Cheddar with Red Wine
7%
Cheese Curds
7%
Chile Caciotta
7%
Cornish Wild Garlic Yarg
7%
Cornish Yarg
7%
Davidstow 3 Year Reserve Special Vintage
7%
Dorset Blue Vinny
7%
Elk Mountain
7%
Finn
7%
Fromage Blanc
7%
Fromage Blanc with Truffle
7%
Goat Fromage Blanc
7%
Goats' Milk Caciotta
7%
Green Dirt Farm Fresh Rosemary
7%
Herbs de Humboldt
7%
Herriot Farmhouse
7%
Le Brin
7%
Llanglofan Farmhouse
7%
Loch Arthur Farmhouse
7%
Maasdam
7%
Menallack Farmhouse
7%
Mersey Valley Original Vintage
7%
Neufchatel
7%
Organic Chili
7%
Organic Mountain
7%
Paesanella Bocconcin
7%
Paesanella Caciotta
7%
Paesanella Cherry Bocconcin
7%
Paesanella Fresco
7%
Panela
7%
Piave Fresco
7%
Port-Salut
7%
Primo Fresco
7%
Reblochon
7%
Whitestone Farmhouse
7%
Abbaye de Citeaux
4%
Abondance
4%
Acorn
4%
Aged Chelsea
4%
Anari
4%
Applewood
4%
Assa
4%
Bear Hill
4%
Beaufort
4%
Beecher’s Flagship
4%
Beemster Classic
4%
Belle Creme
4%
Bettine Grand Cru
4%
Black Pearl
4%
Blarney Castle
4%
Bleu Bénédictin
4%
Bleu d'Auvergne
4%
Brie Coco
4%
Brinza - Feta style
4%
Bruder Basil
4%
Brunost
4%
Cabot Clothbound
4%
Cacow Belle
4%
California Crottin
4%
Cambus o’May
4%
Camembert de Normandie
4%
Cantal
4%
Chimney Rock
4%
Coolea
4%
Corleggy
4%
Country Morning
4%
Crottin
4%
Daphne's Alpine Classic
4%
Dorblu
4%
Duck Isles Stone
4%
Duddleswell
4%
Durrus
4%
Emental Grand Cru
4%
Estero Gold Reserve
4%
Flagship Block
4%
Flower Marie
4%
Foggy Morning
4%
Folded cheese with mint
4%
Fresh Crottin
4%
Fromage Frais
4%
Glebe Brethan
4%
Grand Cru Reserve
4%
GranQueso Reserve
4%
Green Hill
4%
Gubbeen
4%
Half-Moon Bay
4%
Halleck Creek
4%
Hannah Reserve
4%
Harvest
4%
Hereford Hop
4%
Himmelsraften Extra
4%
Hipi Iti
4%
Isle of Mull
4%
Kashkaval
4%
Knockdrinna Meadow
4%
Labneh
4%
La Sauvagine
4%
La Sauvagine Réserve
4%
Lavistown
4%
Lingot Saint Bousquet d'Orb
4%
Little Dragon
4%
Longhorn
4%
Marin French Triple Crème
4%
Menonita
4%
Meredith Chevre Dill
4%
Mezzo Secco
4%
Milleens
4%
Mona
4%
Monastery Cheeses
4%
Morbier
4%
Mt Tam
4%
Nicasio Reserve
4%
Northumberland
4%
Old Kentucky Tomme
4%
Organic Flower Meadow
4%
Pacific Rock
4%
Peekskill Pyramid
4%
Pleasant Creek
4%
Pleasant Ridge Reserve
4%
Provel
4%
Queso de Mano
4%
Reypenaer XO Reserve
4%
Roque River Blue - Special Reserve
4%
Sainte Maure
4%
Sandy Creek
4%
Smoked Sulguni
4%
St Gall
4%
St Tola Ash Log
4%
St Tola Crottin
4%
St Tola Greek Style
4%
St Tola Log
4%
Sulguni
4%
Sunset Bay
4%
Swaledale
4%
Table Rock
4%
Thomasville Tomme
4%
Tibetan Cheeses
4%
Trou du Cru
4%
White Stilton with Mango & Ginger
4%
Wimer Winter
4%
Windrush Cheeses
4%
Wyfe of Bath
4%
Yarra Valley Ashed Pyramid
4%
Yarra Valley Fresh Pyramid
4%
3-Cheese Italian Blend
2%
Abbaye de Belval
2%
Abbaye de Tamié
2%
Abbaye du Mont des Cats
2%
Acapella
2%
Adelost
2%
Aggiano
2%
Airag
2%
Alps Rebel
2%
Amul Cheese Spread
2%
Anejo Enchilado
2%
Anster
2%
Appalachian
2%
Ardrahan
2%
Aromes au Gene de Marc
2%
Azeitao
2%
Baguette Laonnaise
2%
Baladi
2%
Bandal
2%
Baronerosso di Capra
2%
Barricato al Pepe
2%
Bavarian Bergkase
2%
Beemster Extra Aged (XO)
2%
Bellwether Farms Crescenza
2%
Bergues
2%
Bermuda Triangle
2%
Blissful Blocks
2%
Bluebell Falls Cygnus
2%
Blue Castello
2%
Blue Earth
2%
Blue Vein (Australian)
2%
Bocconcini
2%
Bonne Bouche
2%
Bourdin Goat Log
2%
Brie de Melun
2%
Brillat-Savarin
2%
Brocciu
2%
Butterkase
2%
Byaslag
2%
Caboc
2%
Cacio di Bosco al Tartufo
2%
Caciotta Al Tartufo
2%
Capra al Pepe
2%
Caprano
2%
Capra Nouveau
2%
Caravane
2%
Carlow
2%
Carmody
2%
Carrot Rebel
2%
Carrowholly
2%
Casatica
2%
Casu marzu
2%
Cave Rebel
2%
Chaource
2%
Chapman's Pasture
2%
Chavroux
2%
Cheddar with Irish Porter
2%
Cherni Vit
2%
Chevre Log
2%
Chhurpi
2%
Chura Kampo
2%
Classic Blue Log
2%
Clonmore
2%
Cold Pack
2%
Conciato Al Pepe
2%
Consider Bardwell Farm Manchester
2%
Coquetdale
2%
Cotherstone
2%
Cottage Cheese (Australian)
2%
Coulommiers
2%
Coupole
2%
Cratloe Hills
2%
Cremig Extra Würzig, Bergkäse Aus Dem Schweizer Jura
2%
Crescenza
2%
Crocodile Tear
2%
Croghan
2%
Crottin de Chavignol
2%
Crowdie
2%
Crozier
2%
Curworthy
2%
Delamere Goats Cheese Logs
2%
Delice de Bourgogne
2%
Denhany Dorset Drum
2%
Dinarski Sir
2%
Dirt Lover
2%
Don Carlo
2%
Doolin
2%
Drommen
2%
Dubliner
2%
Dunbarra
2%
Dunlop
2%
Epoisses de Bourgogne
2%
Fiery Rebel
2%
Fiore Sardo
2%
Fitness Rebel
2%
Five Counties
2%
Fontina Val d'Aosta
2%
Forest Rebel
2%
Formaggio di capra
2%
Four Corners
2%
Francis
2%
Freya’s Wheel
2%
Fromage de Montagne de Savoie
2%
Fuzzy Udder Creamery's Tomme
2%
Fuzzy Udder Washed Rind
2%
Fuzzy Wheel
2%
Fynbo
2%
Galloway Goat's Milk Gems
2%
Geitost
2%
Golden Cross
2%
Golden Smoked Rebel
2%
Grand Cru Original
2%
GranQueso Original
2%
Grayson
2%
Green Dirt Farm Fresh Garlic & Peppercorn
2%
Hafod
2%
Hand Rolled Chevre Logs
2%
Hannah
2%
Hay Flower Rebel
2%
Herve
2%
Hooligan
2%
Horizon
2%
Il Boschetto al Tartufo
2%
Imokilly Regato
2%
Innes Button
2%
Innes Log
2%
Isle of Man Cracked Peppercorn
2%
Kasseri
2%
Kefalotyri
2%
Kervella Affine
2%
Konig Ludwig Beercheese
2%
Kris Lloyd - Artisan Blend
2%
LaClare Farms Evalon with Cummin
2%
Langres
2%
La Taupiniere
2%
Laura Chenel Taupiniere
2%
Le Conquerant Demi Pont L'eveque
2%
Le Duc Vacherin
2%
Le Roule
2%
Le Wavreumont
2%
Liburnski Sir
2%
Lil Moo
2%
Lincoln Log
2%
Lincolnshire Poacher
2%
Lindy Hop
2%
Little Black Bomber
2%
Livarot
2%
Loma Alta
2%
Lord of the Hundreds
2%
Maggie's Round
2%
Maisie's Kebbuck
2%
Mango Rebel
2%
Manouri
2%
Maredsous
2%
Maribo
2%
Maroilles
2%
Mascarpone (Australian)
2%
Midnight Moon
2%
Mi-Ewe
2%
Milawa Affine
2%
Milawa Goats Tomme
2%
Mine-Gabhar
2%
Mondseer
2%
Monet
2%
Montasio
2%
Montchevre Goat Cheese Log
2%
Mont Saint-Francis
2%
Moonlight Chaource
2%
Moose
2%
Mountain Herbs Rebel
2%
Mountain Rebel
2%
Mozzarella (Australian)
2%
Myzithra
2%
Nettle Meadow Kunik
2%
Nettles Gone Wild
2%
Neufchatel (Australian)
2%
Nicasio Square
2%
Nut Rebel
2%
Ogleshield
2%
Old Drovers Road
2%
Old Winchester
2%
Organic Creamy Emmenthal
2%
Organic Mango
2%
Orla
2%
Oro Italiano
2%
Oscypek
2%
Ossau-Iraty
2%
Pack Square
2%
Pant ys Gawn
2%
Paprika Rebel
2%
Passendale
2%
Patefine Fort
2%
Pecorino al Pepe
2%
Pecorino al Tartufo
2%
Pecorino Erica
2%
Pecorino Nero
2%
Pecorino Pera
2%
Pepper Rebel
2%
Perroche
2%
Piave
2%
Pimento
2%
Point Reyes Toma
2%
Pont l'Eveque
2%
Prairie Tomme
2%
Pule
2%
Purple's a Must
2%
Quercy Petit
2%
Queso Blanco con Frutas - Pina y Mango
2%
Ragstone
2%
Ragusano
2%
Red Hawk
2%
Re di Pecora Erborinato al Tè Nero
2%
Red Windsor
2%
Red Wine Rebel
2%
Regal Blend
2%
Requeson
2%
Ricotta (Australian)
2%
Ricotta Salata
2%
Roccia del Piave
2%
Roule
2%
Royalp Tilsit
2%
Royal Rebel
2%
Saga
2%
Saint Agur
2%
Saint-Nectaire
2%
Sardo
2%
Sartori Limited Edition Pastorale Blend
2%
Schloss
2%
Seastack
2%
Seator's Orkney
2%
Selles sur Cher
2%
Sharon Hollow Garlic and Chive
2%
Sicilian Blend
2%
Sirene
2%
Smokey Mountain Round
2%
Snow Camp
2%
Sottocenere al Tartufo
2%
Stella Kasseri
2%
Stella Parmesan & Romano Blend
2%
Stichelton
2%
St. Killian
2%
St Tola Cranberry
2%
St Tola Divine
2%
Sussex Slipcote
2%
Tarentaise
2%
Tasmania Highland Chevre Log
2%
Teifi
2%
Telemea
2%
Tete de Moine
2%
Tezacki Sir
2%
The Manchester
2%
Ticklemore
2%
Toma
2%
Tomme
2%
Tomme de Savoie
2%
Tommes
2%
Torta del Casar
2%
TouVelle Original
2%
Tronchon
2%
Tunworth
2%
Tupí
2%
Tuscan Blend
2%
Twig Farm Goat Tomme
2%
Twig Farm Mixed Drum
2%
Twig Farm Washed Rind Wheel
2%
Tymsboro
2%
Urdă
2%
Vacherin
2%
Vera
2%
Vermont Ayr
2%
Vulscombe
2%
Wabash Cannonball
2%
Wagon Wheel
2%
Waldo Smog
2%
Washed Rind Cheese (Australian)
2%
Waterloo
2%
Westfield Farm Smoked Capri
2%
Weston Wheel
2%
Wild Garlic Rebel
2%
Winnimere
2%
Woodside Capricorn
2%
Woolly Rind
2%
Yarra Valley Cardi
2%
Abbaye de Timadeuc
0%
Abertam
0%
Accasciato
0%
Affidelice au Chablis
0%
Affineur Walo Rotwein Sennechäs
0%
Afuega'l Pitu
0%
Ailsa Craig
0%
Airedale
0%
Aisy Cendre
0%
Allium Piper
0%
Alma Vorarlberger Alpkäse (3-5 months)
0%
Alma Vorarlberger Alpkäse (6-9 months)
0%
Alma Vorarlberger Bergkäse (10 months)
0%
Alma Vorarlberger Bergkäse (12 months)
0%
Alma Vorarlberger Bergkäse (6 months)
0%
Almnäs Tegel
0%
Alpe di Frabosa
0%
Alpha Tolman
0%
Alpicrème
0%
Alta Badia
0%
Alverca
0%
Amalthée
0%
Amarelo de Beira Baixa
0%
Ambert
0%
Ameribella
0%
Ami du Chambertin
0%
Amish Frolic
0%
Amou
0%
Amsterdammer (British Columbia)
0%
Anneau du Vic-Bilh
0%
Anthotyro
0%
Arådalen
0%
Aragon
0%
Ardi Gasna
0%
Ashley
0%
Asiago d’Allevo DOP
0%
Asiago DOP
0%
Asiago Pressato DOP
0%
Aubisque Pyrenees
0%
Aura
0%
Autun
0%
Avaxtskyr
0%
Bad Axe
0%
Baita Friuli
0%
Balaton
0%
Balfour
0%
Baluchon
0%
Banon
0%
Barberey
0%
Barber's 1833
0%
Barely Buzzed
0%
Barilotto
0%
Baron Bigod
0%
Bartlett
0%
Basajo
0%
Baserri
0%
Basils Original Rauchkäse
0%
Basing
0%
Baskeriu
0%
Bassigny au porto
0%
Batzos
0%
Baylough
0%
Beaumont
0%
Beauvoorde
0%
Beemster Graskaas
0%
Bel Ceillo
0%
Bella Lodi
0%
Belletoile
0%
Benedictine
0%
Bergader
0%
Bermondsey Hard Pressed
0%
Bethmale des Pyrenees
0%
Beyaz Peynir
0%
Bianca
0%
Bianco
0%
Bica de Queijo
0%
Bierkase
0%
Big John's Cajun
0%
Bijou
0%
Bishop Kennedy
0%
Bismark
0%
Black Betty
0%
Blenda
0%
Bleubry
0%
Bleu de Laqueuille
0%
Bleu Des Causses
0%
Bleu L'Ermite
0%
Blissful Toppings
0%
Bloomsdale
0%
Blu Della Casera
0%
Blu di Bufala
0%
Blue Benedictine
0%
Blue Ledge La Luna
0%
Blue Lupine
0%
Blue Rathgore
0%
Blue Yonder
0%
Boeren-Leidse met sleutels
0%
Bonchester
0%
Bonifaz
0%
Bootlegger
0%
Bossa
0%
Bosworth
0%
Bougon
0%
Boule Du Roves
0%
Boulette d'Avesnes
0%
Boursault
0%
Bouyssou
0%
Bra Duro DOP
0%
Brânză de Burduf
0%
Braudostur
0%
Brebirousse d'Argental
0%
Brebis d'Azure
0%
Brebis du Lavort
0%
Brebis du Puyfaucon
0%
Bridgewater
0%
Brie d'Alexis
0%
Brie de Portneuf
0%
Brillo di Treviso
0%
Brimstone
0%
Brin d'Amour
0%
Briquette de Brebis
0%
Briquette du Forez
0%
Briscola
0%
Brise du Matin
0%
Broncha
0%
Brousse du Rove
0%
Brown’s Gulch
0%
Brusselae Kaas (Fromage de Bruxelles)
0%
Bucheret
0%
Bûchette à la Sarriette
0%
Buchette d'Anjou
0%
Bufala Soldier
0%
Bufalino
0%
Bufarolo
0%
Burgos
0%
Burwood Bole
0%
Buttercup
0%
Buttermilk Blue Affinee
0%
Butternut
0%
Cabecou
0%
Cabecou Feuille D'Armagnac
0%
Cabrales
0%
Cachaille
0%
Caciobarricato
0%
Caciobirraio
0%
Caciobufala
0%
Caciocavallo di Bufala
0%
Caciocavallo Podolico Vetus
0%
Cacio De Roma®
0%
Cacioradicchio
0%
Cairnsmore
0%
Calcagno
0%
Calenzana (Calinzanincu)
0%
Cambozola Grand Noir
0%
Camembert de Portneuf
0%
Camembert des Camarades
0%
Cameo
0%
Campfire
0%
Campi
0%
Cana de Cabra
0%
Cancoillotte (Cancoyotte)
0%
Canestrato
0%
Cap Cressy
0%
Cape Vessey
0%
Capra al Fieno
0%
Capraricca
0%
Caprese di Bufala
0%
Capriago
0%
Caprice
0%
Caprice des Dieux
0%
Capricious
0%
Capriny
0%
Capriole Banon
0%
Caprotto
0%
Carabiner
0%
Cardo
0%
Carlina
0%
Carnia Altobut
0%
Caronzola
0%
Carre de l'Est
0%
Casciotta di Urbino
0%
Castelmagno
0%
Castelo Branco
0%
Castigliano
0%
Cathelain
0%
Catupiry
0%
Cave Aged Marisa
0%
Celtic Promise
0%
Cendre d'Olivet
0%
Chabichou du Poitou
0%
Chabis de Gatine
0%
Challerhocker
0%
Champignon Mushrooom
0%
Charolais
0%
Château de Versailles
0%
Chaumes
0%
Cheddar LaDiDa Lavender
0%
Chèvre des neiges
0%
Chevre en Marinade
0%
Chevrotin des Aravis
0%
Childwickbury
0%
Chontaleno
0%
Cilentano ai fichi
0%
Cinerino
0%
Cirrus
0%
Civray
0%
Classico Pecorino Senese
0%
Classico Riserva
0%
Coalho
0%
Coeur de Camembert au Calvados
0%
ColoRouge
0%
Comtomme
0%
Condio
0%
Connemara
0%
Cooleney
0%
Cornish Crumbly
0%
Cornish Kern
0%
Cornish Smuggler
0%
Cotswold
0%
Couronne Lochoise
0%
Coverdale
0%
Cranborne
0%
Crayeux de Roncq
0%
Cream Cheesy Bliss
0%
Crema Mexicana
0%
Crema Mexicana Agria
0%
Cremet
0%
Cremont
0%
CréMonté
0%
CreNoble
0%
Crescenza di Bufala
0%
Criffel
0%
Crotonese
0%
Crowley
0%
Cuajada
0%
Cubetto
0%
Cure Nantais
0%
Danbo
0%
Danby
0%
Dante
0%
Daralagjazsky
0%
Dauphin
0%
Dehesa De Los Llanos - Curado
0%
Dehesa De Los Llanos - Gran Reserva
0%
Dehesa De Los Llanos - Media Curación
0%
Delice des Fiouves
0%
Dessertnyj Belyj
0%
Devil's Gulch
0%
Devon Garland
0%
Dilly Girl
0%
Dinarski Iz Mosta
0%
Dinarski Sir Iz Maslinove Komine
0%
Di.Vino
0%
Dolcelatte
0%
Dolomitico
0%
Don Olivo
0%
Doppelrhamstufel
0%
Dorstone
0%
Doublet
0%
Dreux a la Feuille
0%
Driftless
0%
Driftwood
0%
Dumpling
0%
Dura
0%
Duroblando
0%
Dutch Mimolette (Commissiekaas)
0%
Edelpilz
0%
Edith
0%
Ellington
0%
Emlett
0%
Esbareich
0%
Esrom
0%
Etorki
0%
Etzy Ketzy
0%
Evora De L'Alentejo
0%
Explorateur
0%
Farm Chanco
0%
Fat Bottom Girl
0%
Fellowship Too
0%
Fermiere
0%
Ficaccio
0%
Figaro
0%
Figue
0%
Filetta
0%
Finca Pascualete Mini Torta
0%
Fin-de-Siecle
0%
Fior Di Latte
0%
Flashback Goat Disks
0%
Fleur du Maquis
0%
Flor de Guia
0%
Fondant de Brebis
0%
Fontainebleau
0%
Fontiago
0%
Formagella
0%
Formaggio di Grotta
0%
Forme'
0%
Forsterkase
0%
Fortsonia
0%
Fou du roy
0%
Fougerus
0%
Fourme de Haute Loire
0%
Fourme de Montbrison
0%
Fragolone
0%
Fresh Fior Di Latte
0%
Friesago
0%
Friesla
0%
Frinault
0%
Fromage Corse
0%
Funky Bleats
0%
Galbani
0%
Galette du Paludier
0%
Galette Lyonnaise
0%
Gammelost
0%
Gamonéu
0%
Garrotxa
0%
Gastanberra
0%
Giuncatella
0%
Goat Milk Cheddars
0%
Goat Nevat
0%
Goat on a Hot Tin Roof
0%
Good Thunder
0%
Gorgonzola Cremificato
0%
Gorgonzola Dolce DOP
0%
Gorgonzola Piccante DOP
0%
Gornoaltajski
0%
Gourmandise
0%
Goutu
0%
Goya
0%
Grabetto
0%
Graddost
0%
Grand Cru Surchoix
0%
Grand Vatel
0%
Gran Levante
0%
Grasso d'alpe Monscera
0%
Grataron d' Areches
0%
Gratte-Paille
0%
Graviera
0%
Green Dirt Farm Fresh Nettle
0%
Green Dirt Farm Fresh Plain
0%
Green Dirt Farm Fresh Spicy Chilis
0%
Greuilh
0%
Greve
0%
Grey Owl
0%
Gris de Lille
0%
Guerbigny
0%
Harbison
0%
Harlech Truckle
0%
Havilah
0%
Hayloft
0%
Haystack Peak
0%
Heat
0%
Herrgardsost
0%
Hidden Falls
0%
Highway 1
0%
Hillis Peak
0%
Himmelsraften
0%
Holzhofer Latte Crudo
0%
Humble Herdsman
0%
Huntsman
0%
Hushallsost
0%
Idaho Goatster
0%
Idiazábal
0%
Impromptu
0%
Infossato
0%
Inverness
0%
I' Rugoso
0%
Isabirra
0%
I' Serbo
0%
Island Brebis
0%
Island Bries
0%
Istara Chistou
0%
Istara Kaikou
0%
Jermi Tortes
0%
Jibneh Arabieh
0%
Julianna
0%
Juustoleipa
0%
Kabritt
0%
Kadchgall
0%
Kaltbach Emmentaler AOP
0%
Kanafeh
0%
Kanterkaas
0%
Kapiti Kikorangi
0%
Käse Mit Schweizer Trüffeln
0%
Kashar
0%
Kashta
0%
Kefir Salad
0%
Kefir Wine Companion
0%
Kenne
0%
Kernhem
0%
Kinsman Ridge
0%
Kiri
0%
Klosterkaese
0%
Konig Ludwig King's
0%
Kugelkase
0%
Kummin
0%
La Bonaparte
0%
La Casatella
0%
LaClare Farms Chandoka
0%
LaClare Farms Evalon
0%
LaClare Farms Evalon with Fenugreek
0%
LaClare Farms Martone
0%
Lady Jane
0%
La Fleurie
0%
Laguiole
0%
Lairobell
0%
Lajta
0%
Lamb Chopper
0%
Landaff
0%
La Peral
0%
Lappi
0%
La Pyramide
0%
Largo
0%
La Rumeur
0%
Laruns
0%
La Serena
0%
Latteria Navel
0%
Latteria San Biagio
0%
Laura Chenel's Cabecou
0%
Laura Chenel Tome
0%
L'Aveyronnais
0%
Leafield
0%
Lebbene
0%
Le Brebiou
0%
Le Cendrillon
0%
Le Chevrot
0%
L'Ecir de l'Aubrac
0%
Le Double Joie
0%
Leerdammer
0%
Le Fium Orbo
0%
Legacy
0%
Legato
0%
Le Gruyère AOP
0%
Le Lacandou
0%
Lemon Fetish
0%
Le Moutier
0%
L'Empereur
0%
Leonora®
0%
Le Reflet de Portneuf
0%
Les Calendos
0%
Le St-Raymond
0%
L'Étoile de St-Raymond
0%
Leyden
0%
Liliputas
0%
Lindale
0%
Lingot des Causses
0%
Liptauer
0%
Little Bloom on the Prairie
0%
Little Colonel
0%
Little Napoleon
0%
Little Rydings
0%
Little Ypsi
0%
Llanboidy
0%
Loddiswell Avondale
0%
Lo Sburrato
0%
Lo Speziato
0%
Lou Bergier Pichin
0%
Lou Palou
0%
Lou Pevre
0%
Lunetta
0%
Lyburn Garlic and Nettle
0%
Lyburn's Winchester
0%
Macconais
0%
Madrona
0%
Magna
0%
Mahón
0%
Majorero
0%
Malvarosa®
0%
Malvern
0%
Mamirolle
0%
Mandolin
0%
Manon
0%
Manteca
0%
Manur
0%
Marco Polo
0%
Margot
0%
Marisa
0%
Martha's Heat
0%
Mascares
0%
Mascarpone Torta
0%
Mastorazio
0%
Matocq
0%
McLaren
0%
Medallion
0%
Meira
0%
Melange
0%
Melinda Mae
0%
Melville
0%
Menage
0%
Meredith Ashed Pyramids
0%
Meredith Chevre Plain
0%
Meredith Goat Cheese in Extra Virgin Olive Oil
0%
Météorite
0%
Metronome
0%
Mettowee
0%
Miette
0%
Mihalic Peynir
0%
Millstone
0%
Mimolette (Boule de Lille)
0%
Minuet
0%
Miss Muffet
0%
MitiCaña® de Oveja
0%
Mladi Trapist
0%
Mobay
0%
Molbo
0%
Montagnolo
0%
Montasio Mezzano
0%
Montasio Vecchio
0%
Mont D'or Lyonnais
0%
Monte Enebro
0%
Monteo
0%
Montsalvat
0%
Mont St-Benoît
0%
Moonglo
0%
Morcella
0%
Morgan
0%
Moringhello
0%
Morlacco
0%
Moses Sleeper
0%
Mothais a la Feuille
0%
MouCo Truffello
0%
Mountaineer
0%
Mozzarella di Bufala DOP
0%
Mozzarellissima
0%
Ms. Natural
0%
Muddlewell
0%
Muffato
0%
Murazzano DOP
0%
Murol
0%
Mycella
0%
Naboulsi
0%
Nantais
0%
New Moon
0%
Niolo
0%
Nocciolino
0%
Nocciolo
0%
Nocturne
0%
Nokkelost
0%
Noyan
0%
Oasis
0%
Off Kilter
0%
Old Burford
0%
Old Ford
0%
Old Harry
0%
Olivet au Foin
0%
Olivet Cendre
0%
Olomoucké Tvarůžky
0%
Oltermanni
0%
Oma
0%
Operetta
0%
Opus 42
0%
Oregonzola
0%
Organic Beer-Brined Moochego
0%
Organic Carrot
0%
Organic Elderflower
0%
Organic Fitness
0%
Organic MooVache
0%
Organic Mountain Climber
0%
Original Illertaler
0%
Oschtjepka
0%
Paglierino
0%
Palet de Babligny
0%
Pallone di Gravina
0%
Paniolo
0%
Pannerone
0%
Panquehue
0%
Parrano
0%
Pas de l'Escalette
0%
Paški Sir (PDO)
0%
Pastoral
0%
Pave d'Affinois
0%
Pave d'Auge
0%
Pave de Chirac
0%
Pawlet
0%
Peau Rouge
0%
Pecorino a Latte Crudo
0%
Pecorino all Canapa
0%
Pecorino allo Zafferano
0%
Pecorino Barba Del Passatore
0%
Pecorino Boccondilatte
0%
Pecorino Camomilla
0%
Pecorino Con Caglio Vegetale
0%
Pecorino dei Malatesta al Sangiovese
0%
Pecorino Dei Malatesta Sotto Cenere
0%
Pecorino dei Monaci
0%
Pecorino di Sogliano
0%
Pecorino di Talamello
0%
Pecorino di Vigna
0%
Pecorino Fiordaliso
0%
Pecorino Foglie Noci
0%
Pecorino Gelsomino
0%
Pecorino Ginepro
0%
Pecorino Gran Riserva Del Passatore
0%
Pecorino in Walnut Leaves
0%
Pecorino Mallo di Noce
0%
Pecorino nel fieno
0%
Pecorino Nel Granaio
0%
Pecorino Ortica
0%
Pecorino Papavero
0%
Pecorino Querciaiolo
0%
Pecorino Romagnolo
0%
Pecorino Toscano DOP
0%
Pelardon des Cevennes
0%
Pelardon des Corbieres
0%
Penamellera
0%
Penbryn
0%
Pencarreg
0%
Pepato
0%
PepBert
0%
Perail de Brebis
0%
Perlagrigia Sotto Cenere
0%
Petida
0%
Petit Pardou
0%
Petit-Suisse
0%
Phoebe
0%
Pianoforte
0%
Piave Mezzano
0%
Piave Vecchio DOP
0%
Piave Vecchio Selezione Oro
0%
Picobello
0%
Picolo
0%
Picos de Europa
0%
Pied-de-vent
0%
Pierce Pt
0%
Pigouille
0%
Pinconning
0%
Piora
0%
Piper's Pyramide
0%
Pithtiviers au Foin
0%
Pizy
0%
Podhalanski
0%
Poivre d'Ane
0%
Pokolbin
0%
Pompeii
0%
Port Nicholson
0%
Postel
0%
Pouligny-Saint-Pierre
0%
Pourly
0%
Prastost
0%
President Madrigal
0%
Prima Donna
0%
Prima Donna fino
0%
Prima Donna forte
0%
Prima Donna leggero
0%
Prima Donna maturo
0%
Prince-Jean
0%
Prix de Diane
0%
Promontory
0%
Providence
0%
Provoleta
0%
Provolone del Monaco
0%
Provolone Mandarino Gran Riserva
0%
Provolone Valpadana
0%
PsycheDillic
0%
P'tit Basque
0%
P'tit Berrichon
0%
Purple Haze
0%
Pyramide
0%
Quadrello® di Bufala
0%
Quartirolo Lombardo
0%
Quatre-Vents
0%
Queijo do Pico
0%
Queijo do serro
0%
Queso de Afuega'l pitu
0%
Queso del Montsec
0%
Queso del Tietar
0%
Queso de Murcia
0%
Queso Fresco (Adobera)
0%
Queso Iberico
0%
Queso Media Luna
0%
Queso Para Frier
0%
Rabacal
0%
Raschera
0%
Red Alder
0%
Red Buddy
0%
Red Cloud
0%
Red Dragon Truckle
0%
Regal de la Dombes
0%
Reggianito
0%
ReginaBlu
0%
Remedou
0%
Reverie
0%
Reypenaer
0%
Reypenaer V.S.O.P.
0%
Rheba
0%
Richelieu
0%
Ricotta di Bufala
0%
Ricotta di Pecora
0%
Ridder
0%
Ridgeline
0%
Rigotte
0%
Ringwell
0%
Rocamadour
0%
Rochebaron
0%
Rollot
0%
Romaniae Terrae Pecorino allo Zafferano
0%
Romans Part Dieu
0%
Roncal
0%
Rondo
0%
Rosso
0%
Rosso de lago
0%
Rotwein Bärgler Extra-Würzig
0%
Rougette Grill Meister
0%
Rouleau De Beaulieu
0%
Roumy
0%
Rubens
0%
Rubi
0%
Rupert
0%
Rustinu
0%
Saaland Pfarr
0%
Saanenkaese
0%
Saanen Silk
0%
Saint Albray
0%
Saint-André
0%
Saint Félicien
0%
Saint-Honoré
0%
Saint-Marcellin
0%
Saint-Paulin
0%
Salers
0%
Samso
0%
San Andreas
0%
Sancerre
0%
San Geronimo
0%
San Simon DOP
0%
Sao Jorge
0%
Saporito
0%
Sap Sago
0%
Sarró de Cabra
0%
Sartori Classic MontAmore
0%
Sartori Limited Edition Cannella BellaVitano
0%
Sartori Limited Edition Cognac Bellavitano
0%
Sartori Limited Edition Family Heirloom BellaVitano
0%
Sartori Reserve Balsamic Bellavitano
0%
Sartori Reserve Black Pepper Bellavitano
0%
Sartori Reserve Chai Bellavitano
0%
Sartori Reserve Espresso Bellavitano
0%
Sartori Reserve Merlot Bellavitano
0%
Sartori Reserve Raspberry BellaVitano
0%
Sbrinz
0%
Sbronzo
0%
Sea Change
0%
Seahive
0%
Seascape
0%
Selva
0%
Serat
0%
Serra da Estrela DOP
0%
Shanklish
0%
Sharpham
0%
Sharpham Elmhirst
0%
Sharpham Rustic
0%
Sharpham Savour
0%
Shepherdista Crush
0%
Shepherd's Crook
0%
Shepherd's Hope
0%
Shepsog
0%
Shredded Bliss
0%
Siltcoos
0%
Sleightlett
0%
Slices Of Bliss
0%
Smoked Fior Di Latte
0%
Smokey Touvelle
0%
Snowdrop
0%
Sofia
0%
Sonnet
0%
Sosha
0%
Soumaintrain
0%
Sourire Lozerien
0%
Spenwood
0%
Speziato
0%
Squaquerone di Bufala
0%
Stawley
0%
Stella Fontinella
0%
Sternschnuppe
0%
St Jude
0%
Stoney Cross
0%
St Pat
0%
Stracchinata
0%
Strawberry Moon
0%
Suffolk Punch
0%
Sunlight
0%
Sveciaost
0%
Swag
0%
Takelma
0%
Tala
0%
Tango
0%
Tapas
0%
Tartufo Riserva
0%
Tavoliere
0%
TeaHive
0%
Tegan
0%
Teneri
0%
Tetilla
0%
Tezacki Iz Maslinove Komine
0%
Tezacki Iz Mosta
0%
Tilly Whim
0%
Toma Blu Alle Erbe
0%
Toma di campo
0%
Toma di vacca alle vinacce
0%
Toma Piemontese
0%
Tomme Brulee
0%
Tomme de Romans
0%
Tomme des Chouans
0%
Toscanello
0%
Touree de L'Aubier
0%
Tourmalet
0%
Tozzetto
0%
Trappe de la Coudre
0%
Trappiste de Bricquebec
0%
Trappiste d'Igny
0%
Tregonwell
0%
Trelawny
0%
Trufflestack
0%
Truffle Tremor
0%
Tuada
0%
Turunmaa
0%
Twig Farm Crawford
0%
Txiki
0%
Tyn Grug
0%
Tyning
0%
Ubriaco alla Birra
0%
Ubriaco all'Amarone
0%
Ubriaco al Prosecco
0%
Ubriaco di Nero D'avola
0%
Ubriaco di Raboso
0%
Ubriaco di Zibibbo
0%
Ubriaco Rosso
0%
Ulloa
0%
Vacherin Fribourgeois
0%
Valentine
0%
Vampire Slayer
0%
Vasterbottenost
0%
Veigadarte
0%
Venaco
0%
Vendomois
0%
Veneto
0%
Vento d'Estate
0%
Venus
0%
Vermont Herdsman
0%
Vesuvius
0%
Victoria
0%
Vieux Corse
0%
Vigneron
0%
Vignotte
0%
Wasabi Disc
0%
Waupoos Lizzie
0%
Weichkaese
0%
Wellesley
0%
Wellington
0%
Wensleydale with Cranberries
0%
Weybridge
0%
Wigmore
0%
Wilde Weide
0%
Willoughby
0%
Woodside Cabecou
0%
Woodside Charleston
0%
Wrångebäck Sweden
0%
Xynotyro
0%
Yarra Valley Black Savourine
0%
Yarra Valley Bulls Eyes
0%
Yarra Valley Juno
0%
Yarra Valley Saffy
0%
Yarra Valley Vintage Savourine
0%
Yarra Valley White Savourine
0%
Yarra Valley Yering
0%
Zamorano
0%
Zartschmelzend, Kräftig Würziger Rahm-Hartkäse
0%
Zelu Koloria
0%
Zigljen Iz Mosta
0%
Zimbro
0%
Zwitser
0%

Score Distribution

Percentile by Number Answered

Percent of People with Each Score

Your Score History

You have not taken this quiz